Great Love Duets - Celebres duos d'amour (Record n. 99526)

Dettagli MARC
000 -LEADER
fixed length control field 02140njm a2200373Ia 4500
001 - CONTROL NUMBER
control field B5376
003 - CONTROL NUMBER IDENTIFIER
control field IT-RoPAU
005 - DATE AND TIME OF LATEST TRANSACTION
control field 20220918181117.0
008 - FIXED-LENGTH DATA ELEMENTS--GENERAL INFORMATION
fixed length control field 131025s9999 xx 000 0 und d
040 ## - CATALOGING SOURCE
Original cataloging agency IT-RoPAU
040 ## - CATALOGING SOURCE
Transcribing agency IT-RoPAU
999 ## - SYSTEM CONTROL NUMBERS (KOHA)
Koha Dewey Subclass [OBSOLETE] n.d.
100 ## - MAIN ENTRY--PERSONAL NAME
Personal name AA.VV.
9 (RLIN) 794
100 ## - MAIN ENTRY--PERSONAL NAME
Relator term Autore musica
9 (RLIN) 29057
100 ## - MAIN ENTRY--PERSONAL NAME
Miscellaneous information Codice autore musica SPICS: 12000
9 (RLIN) 796
245 ## - TITLE STATEMENT
Title Great Love Duets - Celebres duos d'amour
250 ## - EDITION STATEMENT
Edition statement 1a ed.
260 ## - PUBLICATION, DISTRIBUTION, ETC. (IMPRINT)
Place of publication, distribution, etc. LONDON
260 ## - PUBLICATION, DISTRIBUTION, ETC. (IMPRINT)
Name of publisher, distributor, etc. DECCA RECORD COMPANY
Date of publication, distribution, etc. 1986 [1a Ed.:1986]
300 ## - PHYSICAL DESCRIPTION
Extent MUSICASSETTA
300 ## - PHYSICAL DESCRIPTION
Dimensions 63 minuti (Testo: 0 pag.)
500 ## - GENERAL NOTE
General note Musica classica. Musica lirica.
505 ## - FORMATTED CONTENTS NOTE
Formatted contents note O soave fanciulla [(Mimì, Rodolfo) (da La Boheme) (4:00)] - Mario! Mario! Mario! [(Tosca, Cavaradossi) (da Tosca) (13:00)] - Parigi, o cara [(Violetta, Alfredo) (da La Traviata) (4:00)] - Già nella notte densa [(Desdemona, Otello) (da Otello) (11:00)] - Un dì felice [(Violetta, Alfredo) (da La Traviata) (4:00)] - Ma chi vien?... Oh! la sinistra voce! [(da La Gioconda) (7:00)] - Tu, tu, amore tu? [(da Manon Lescaut) (8:00)] - Bimba dagli occhi pieni di malia [(da Madama Butterfly) (12:00)]
511 ## - PARTICIPANT OR PERFORMER NOTE
Participant or performer note Orchestra dell'Accademia di Santa Cecilia Roma diretta da Serafin Tullio
511 ## - PARTICIPANT OR PERFORMER NOTE
Participant or performer note Orchestra dell'Accademia di Santa Cecilia Roma diretta da Molinari-Pradelli F.
511 ## - PARTICIPANT OR PERFORMER NOTE
Participant or performer note Wiener Philharmoniker diretti da Von Karajan Herbert
511 ## - PARTICIPANT OR PERFORMER NOTE
Participant or performer note Orchestra dell'Accademia di Santa Cecilia di Roma diretta da Molinari Francesco
511 ## - PARTICIPANT OR PERFORMER NOTE
Participant or performer note Orchestre de la Suisse Romande diretta da Guadagno Anton
650 ## - SUBJECT ADDED ENTRY--TOPICAL TERM
Topical term or geographic name as entry element OPERA LIRICA [CASSETTE]
Relator term Codice MATERIA SPICS: 9951
9 (RLIN) 29058
700 ## - ADDED ENTRY--PERSONAL NAME
Personal name Puccini Giacomo
Dates associated with a name Codice autore musica SPICS: 11082
Relator term Autore musica
Name of part/section of a work O soave fanciulla - Mario! Mario! Mario! - Tu, tu, amore tu? - Bimba dagli occhi pieni di malia
9 (RLIN) 29059
700 ## - ADDED ENTRY--PERSONAL NAME
Personal name Verdi Giuseppe
Dates associated with a name Codice autore musica SPICS: 89
Relator term Autore musica
Name of part/section of a work Parigi, o cara - Già nella notte densa - Un dì felice
9 (RLIN) 29060
700 ## - ADDED ENTRY--PERSONAL NAME
Personal name Ponchielli Amilcare
Dates associated with a name Codice autore musica SPICS: 13061
Relator term Autore musica
Name of part/section of a work Ma chi vien?... Oh! la sinistra voce!
9 (RLIN) 29061
942 ## - ADDED ENTRY ELEMENTS (KOHA)
Koha item type MUSICASSETTE
Source of classification or shelving scheme Dewey Decimal Classification
Dati di copia
Withdrawn status Lost status Damaged status Not for loan Home library Current library Date acquired Total Checkouts Full call number Date last seen Price effective from Koha item type Public note
    Buone Condizioni Not For Loan SPICS-MEDIATECA SPICS-MEDIATECA 25/10/2013   B5376 25/10/2013 25/10/2013 MUSICASSETTE Progr. Ins.: 712 / N.Vol.: 1 / Copie: 1 - Copia rara: n.d. / date import: 01.01.2014 - By Epidotti, Trombetti, Vaglietti
CREDITS: SOCIETA' SAN PAOLO Via A.Severo, 58 - ROMA (RM) & PERIODICI SAN PAOLO SRL Via Giotto, 36 MILANO & CISF Via Giotto, 36 MILANO & EDIZIONI SAN PAOLO SRL,  Piazza Soncino, 5 CINISELLO BALSAMO (MI) -- ITALY